Équipe de France de football champions olympiques 1984 - Statistiques

Statistiques générales
  • Ce quiz a été pris 8 fois
  • Le résultat moyen est 9 sur 18
Statistiques - réponses
Poste Numéro Club Joueur % Correct
A 15 RC Lens Daniel XUEREB
100%
G 1 FC Sochaux-Montbelliard Albert RUST
86%
D 2 FC Nantes William AYACHE
71%
Sélectionneur - Henri MICHEL
57%
D 13 G.Bordeaux Jean-Christophe THOUVENEL
57%
A 14 FC Nantes José TOURE
57%
D 3 FC Nantes Michel BIBARD
57%
D 12 RC Lens Didier SENAC
43%
M 4 AS Monaco Dominique BIJOTAT
43%
A 5 RC Lens Francois BRISSON
43%
M 16 AS Saint-Etienne Jean-Louis ZANON
43%
M 11 FC Metz Jean-Philippe ROHR
43%
A 7 AJ Auxerre Patrice GARANDE
43%
A 6 Nimes Olympique Patrick CUBAYNES
43%
A 9 Toulouse FC Guy LACOMBE
29%
M 10 Paris SG Jean-Claude LEMOULT
29%
G 17 FC Rouen Michel BENSOUSSAN
29%
D 8 AS Nancy-Lorraine Philippe JEANNOL
29%
Aucun quiz correspondant
Distribution des résultats
% des personnes avec chaque résultat
Percentile par nombre de réponses
Votre historique - résultats
Vous n’avez pas pris ce quiz